Mengurus khidmat bimbingan dan kaunseling sekolah

Bibliographic Details
Main Author: Malek Muhamat Said
Format: Book
Published: Kuala Lumpur : PTS Professional Publishing , 2007
Series:Pendidikan
Subjects:

MARC

LEADER 00000cam a2200000 7i4500
001 0000015501
005 20080327.0
008 080327
020 |a 9833585280 
090 0 0 |a 371.422   |b MAL 
100 0 |a Malek Muhamat Said 
245 1 0 |a Mengurus khidmat bimbingan dan kaunseling sekolah   |c Malek Muhamat Said 
260 |a Kuala Lumpur :   |b PTS Professional Publishing ,   |c 2007 
440 |a Pendidikan 
650 0 |a Counseling 
650 0 |a Educational counseling 
999 |a 0001017993   |b Book   |c Adult Collection   |e Perbadanan Perpustakaan Awam Johor 
999 |a 0001017995   |b Book   |c Adult Collection   |e Perbadanan Perpustakaan Awam Johor 
999 |a 0001017996   |b Book   |c Adult Collection   |e Perbadanan Perpustakaan Awam Johor